Web site programming with Java

The java quick start; Essential internet concepts; Behind the scenes at a java session; Java language concepts; The java development environment; Essential java applet programming; Declaring and evaluating data; Statements, expressions, and control flow; Applets : getting user input; Writing java ap...

সম্পূর্ণ বিবরণ

সংরক্ষণ করুন:
গ্রন্থ-পঞ্জীর বিবরন
প্রধান লেখক: Harms, David
বিন্যাস: গ্রন্থ
ভাষা:Undetermined
প্রকাশিত: New York McGraw-Hill 1996
বিষয়গুলি:
ট্যাগগুলো: ট্যাগ যুক্ত করুন
কোনো ট্যাগ নেই, প্রথমজন হিসাবে ট্যাগ করুন!
Thư viện lưu trữ: Trung tâm Học liệu Trường Đại học Cần Thơ
LEADER 00946nam a2200193Ia 4500
001 CTU_23282
008 210402s9999 xx 000 0 und d
082 |a 005.2 
082 |b H287 
100 |a Harms, David 
245 0 |a Web site programming with Java 
245 0 |c David Harms, Barton C. Fiske, Jeffrey C. Rice 
260 |a New York 
260 |b McGraw-Hill 
260 |c 1996 
520 |a The java quick start; Essential internet concepts; Behind the scenes at a java session; Java language concepts; The java development environment; Essential java applet programming; Declaring and evaluating data; Statements, expressions, and control flow; Applets : getting user input; Writing java applets: panels, layouts, and canvases; using java classes... 
650 |a Java (Computer program language),Java (ngôn ngữ lập trình máy tính) 
904 |i Quyên,980520 
980 |a Trung tâm Học liệu Trường Đại học Cần Thơ